| 000 | 01923nam0a2200385 4500 | ||
|---|---|---|---|
| 001 | RU\NLR\BIBL_A\011795441 | ||
| 005 | 20260406082907.0 | ||
| 035 | _a(NLR Aleph) 011795441 | ||
| 090 |
_a11844535 _c11844535 |
||
| 100 | _a20180919d1991 |||y0rusy50 ca | ||
| 101 | 0 | _arus | |
| 102 | _aRU | ||
| 105 | _ay|||z|||100zy | ||
| 106 | _as | ||
| 135 | _acrcn 024ancba | ||
| 200 | 1 |
_aII Плехановские чтения, 30.05-31.05.91 _bЭлектронный ресурс _eтезисы докладов _fМинистерство культуры РСФСР, Дом Плеханова, Государственная Публичная библиотека им. М.Е. Салтыкова-Щедрина |
|
| 210 |
_aЛенинград _cГосударственная Публичная библиотека _d1991 |
||
| 215 | _a80 с. | ||
| 230 | _aЭлектрон. данные | ||
| 300 | _aЗагл. с тит. л. экрана | ||
| 320 | _aБиблиогр. в тексте | ||
| 325 | 1 | _aКопия доступна в электронной библиотеке РНБ | |
| 337 | _aРесурс доступен в Электронной библиотеке РНБ | ||
| 600 | 1 |
_aПлеханов _bГ. В. _f1856 - 1918 _gГеоргий Валентинович _jСъезды, совещания и т.п _9966993 _3RU\NLR\AUTH\66362064 |
|
| 686 | 1 | _aФ61(2)251.2я431 | |
| 686 | 1 | _aЮ3(2)6-602.1я431 | |
| 701 | 1 |
_4570 _8rus _7ca _aПлеханов _bГ. В. _f1856-1918 _gГеоргий Валентинович _3RU\NLR\AUTH\7748828 _931763 |
|
| 852 | 0 | 0 |
_aNLR _jЭБ |
| 901 | _eКнижные издания | ||
| 942 | _cBOOK | ||
| 980 | _aNB | ||
| 981 | 1 | 8 |
_a(18) Планета РНБ _b(18) Труды сотрудников РНБ |